000 00508nam a2200169 a 4500
001 3276
005 20140414131909.0
008 060215s19uu xx 00 eng d
020 _a0-307-20013-2
050 _aER
_bAn1 1997
100 _aPeterson, Melissa
245 _aAnastasia: together in Paris /
_cadapted by Melissa Peterson ; illustrated by Alan Nowell & Associates.
260 _aNew York :
_bA Golden Book,
_c1997.
300 _ap. : ill. ; cm.
650 _aPrincess
_xFiction.
999 _c111119
_d111119